Les filières satin - Statistiques

Statistiques générales
  • Ce quiz a été pris 10 fois
  • Le résultat moyen est 25 sur 37
Statistiques - réponses
Par images Réponse % Correct
Archéologie
100%
Architecture
100%
Arts du spectacle
100%
Arts numériques
100%
Beaux-arts
100%
BTS
100%
BUT
100%
Droit
100%
Ecole d'ingénieur
100%
Géographie
100%
Histoire
100%
IAE
100%
LEA
100%
LLCR
100%
Oenologie
100%
Philosophie
100%
Psychologie
100%
Sciences
100%
Théologie
100%
AES
67%
Audiovisuel
67%
Classes préparatoires
67%
DU
67%
IUP
67%
Sciences politiques
67%
Sociologie
67%
Communication
33%
Ecoles nationales
33%
Filières sportives
33%
Bachelor (RNCP)
0%
Ecole de commerce, gestion, communication, journalisme
0%
Histoire de l'art et archéologie
0%
Lettres et langues
0%
MEEF
0%
Musique, musicologie
0%
Sciences économiques, gestion
0%
Sciences sociales
0%
Aucun quiz correspondant
Distribution des résultats
% des personnes avec chaque résultat
Percentile par nombre de réponses
Votre historique - résultats
Vous n’avez pas pris ce quiz